The New Global Investors : How shareowners can unlock sustainable prosperity worldwide

Bibliographic Details
Main Author: Monks, Robert A. G.
Format: Book
Published: Capstone Publishing Limited , 2001
Subjects:

MARC

LEADER 00000cam a2200000 7i4500
001 0000010368
005 20050505.0
020 |a 1841121096 
040 |a INS 
090 0 0 |a HG4502   |b M745 2001 
100 1 |a Monks, Robert A. G. 
245 1 4 |a The New Global Investors :   |b How shareowners can unlock sustainable prosperity worldwide   |c Robert A. G. Monks 
260 |a Capstone Publishing Limited ,   |c 2001 
300 |a 232pp ;   |c 235x160mm. 
650 0 0 |a Corporate governance 
999 |a 0000008796   |b BOOK   |c Open Shelf   |e Default branch